000 00696nam a2200217Ia 4500
003 GCL
008 140319s9999 xx 000 0 ara d
040 _aGCL /
_cGCL
082 0 4 _aط
_b205.74
_bم ع
100 1 _aمحمد حسن ابودنيا
245 1 0 _aالشعر والوجه /
_cمحمد حسن ابودنيا
700 1 _aعادل البطراوى
260 _a[S.N] :
_bدار الكتاب المصرى ،
_c1991
300 _a16 ص
490 _aعلوم جاء ذكرها فى القران الكريم
_v0
650 0 4 _aالاطفال
650 0 4 _aالقصص
650 0 4 _aالقصص الدينية
650 0 4 _aجسم الانسان فى الدين
942 _2ddc
_cBK
999 _c57630
_d57630